000 002360000a22000970004500
100 1 _aVega, Liberato J.
245 1 0 _aProfecía Kafkiana
300 _aVol. 3, Núm 13 (1991), Páginas 9-10
773 0 _tImpacto Presbiteriano
942 _cANA
999 _c50959
_d50959